Statistics for History Multiple Choice

Click here to take the quiz!

General Stats

  • This quiz has been taken 58 times
    (42 since last reset)
  • The average score is 9 of 15

Answer Stats

QuestionAnswer% Correct
Whose death sparked World War I?Archduke Franz Ferdinard
92%
Why did the British take over India?Their valuable resources, and were extremely weak
92%
Why did the US enter World War 2Attack on Pearl Harbor
89%
At what theater was Abraham Lincholn assinated?Ford Theater
86%
When did America gain independence?July 4, 1776
76%
What is sovereignty?A way of self governing and independence
70%
In what war did the British burn down the White House?War of 1812
65%
What war did Harriet Tubman serve in?Civil War
62%
When was Stonehenge built?3000 BC
49%
Who was the first US president to be impeached?Andrew Johnson
49%
Who was the 9th President of the United States in 1841?William Henry Harrison
43%
When did the British colonize America?1607
30%
When did the American Revolution start?April 19, 1775
27%
When did the Cherokee-American war begin?1776
14%
When did the British abolish slavery?March 25, 1807
14%

Score Distribution

Percentile by Number Answered

Percent of People with Each Score

Your Score History

You have not taken this quiz since the last reset